Statistics for Films Set in Different Countries

Click here to take the quiz!

General Stats

  • This quiz has been taken 1,701 times
  • The average score is 17 of 40

Answer Stats

MovieCountry% Correct
The MummyEgypt
91%
Sherlock HolmesUnited Kingdom
86%
The Sound of MusicAustria
81%
Memoirs of a GeishaJapan
81%
CasablancaMorocco
73%
Pan's LabyrinthSpain
67%
EvitaArgentina
66%
Finding NemoAustralia
66%
ArgoIran
66%
The PianistPoland
66%
Enter the DragonHong Kong (China)
65%
Mamma Mia!Greece
62%
Full Metal JacketVietnam
62%
The Darjeeling LimitedIndia
61%
Dr. ZhivagoUSSR
58%
TakenFrance
55%
City of GodBrazil
54%
The Hurt LockerIraq
54%
District 9South Africa
50%
Into the WildUnited States
45%
The Treasure of the Sierra MadreMexico
43%
Darby O'Gill and the Little PeopleIreland
41%
Black Hawk DownSomalia
39%
The Bridge on the River KwaiThailand
35%
Iron ManAfghanistan
32%
Jurassic ParkCosta Rica
31%
Murder on the Orient ExpressTurkey
31%
BeowulfDenmark
30%
Goodbye LeninGermany
29%
UpVenezuela
21%
The Whole Nine YardsCanada
18%
Romancing the StoneColombia
18%
Behind Enemy LinesBosnia & Herzegovina
12%
Journey to the Center of the EarthIceland
12%
The Raid: RedemptionIndonesia
10%
RamboBurma
9%
PredatorGuatemala
6%
The Life Aquatic with Steve ZissouItaly
6%
Paradise NowIsrael
3%
Rules of EngagementYemen
2%

Score Distribution

Percentile by Number Answered

Percent of People with Each Score

Your Score History

You have not taken this quiz